बंग महिला रचना-समग्र (Record no. 2997)

MARC details
000 -LEADER
fixed length control field 01174 a2200229 4500
005 - DATE AND TIME OF LATEST TRANSACTION
control field 20080911101934.0
008 - FIXED-LENGTH DATA ELEMENTS--GENERAL INFORMATION
fixed length control field 080911t xxu||||| |||| 00| 0 hin d
010 ## - LIBRARY OF CONGRESS CONTROL NUMBER
LC control number HIN-79572
020 ## - INTERNATIONAL STANDARD BOOK NUMBER
International Standard Book Number 8189850547
Terms of availability 360.00
035 ## - SYSTEM CONTROL NUMBER
System control number HN-51918
037 ## - SOURCE OF ACQUISITION
Source of stock number/acquisition D.B.Act / pub
082 ## - DEWEY DECIMAL CLASSIFICATION NUMBER
Classification number 820.08
245 ## - TITLE STATEMENT
Title बंग महिला रचना-समग्र
Statement of responsibility, etc संपादक भवदेव पाण्डेय
246 ## - VARYING FORM OF TITLE
Title proper/short title Bang Mahila Rachna Samgra
260 ## - PUBLICATION, DISTRIBUTION, ETC. (IMPRINT)
Place of publication, distribution, etc नई दिल्ली
Name of publisher, distributor, etc रेमाधव पब्लिकेशन्स
Date of publication, distribution, etc 2006
270 ## - ADDRESS
Address पोस्ट बाक्स न.3684,लाजपत नगर-11
City नई दिल्ली
Postal code 110024
300 ## - PHYSICAL DESCRIPTION
Extent बारह,155पृ
Dimensions 23 सेमी (सजिल्द)
490 ## - SERIES STATEMENT
Series statement (भारतीय साहित्य के स्वर्णाक्षऱ)
700 ## - ADDED ENTRY--PERSONAL NAME
Personal name पाण्डेय, भवदेव
942 ## - ADDED ENTRY ELEMENTS (KOHA)
Institution code [OBSOLETE] dpl
Koha item type Hindi Books
Call number prefix 820.08 / बंगम
Source of classification or shelving scheme Dewey Decimal Classification
Classification part 820.08
Call number suffix बंगम
Holdings
Withdrawn status Lost status Damaged status Not for loan Home library Current library Date acquired Cost, normal purchase price Total Checkouts Full call number Barcode Date last seen Copy number Uniform Resource Identifier Cost, replacement price Price effective from Koha item type
        D.B.Act.Division D.B.Act.Division 11/09/2008 360.00   820.08 बंगम HN-51918 15/09/2008 1 3191 360.00 15/09/2008 Hindi Books

© Delhi Public Library
Hit Counter
free hit counter